000 01065nam a2200313 i 4500
003 EG-GICUC
005 20260406080959.0
008 260406s1986 -uk||||fr|||| 000 0 eng d
020 _a9231022016
040 _aEG-GiCUC
_beng
_cEG-GiCUC
_dEG-GiCUC
_erda
041 0 _aeng
082 0 4 _221
_a341.48
_bPH
092 0 4 _221
099 _aLaw1 11 341.48 PH 1986
100 1 _a Elliot, Henry G.
_eAuthor.
245 1 0 _aPhilosophical foundations of human rights /
_cPrepared By Unesco And International Insitute Of Philosophy With An Introduction By Paul Ricœur.
264 1 _aParis :
_bUnesco,
_c1986.
300 _a340`pages :
_billustrations,
_c24 cm.
336 _2rda content
_atext
337 _2rda media
_aComputer
338 _2rda carrier
_aOnline Resource
504 _aIncludes bibliographical references and index.
546 _aText in English
650 1 4 _aPublic international law
700 1 _aRicœur, Paul
_eContributor
856 4 0 _uhttps://fll.law.cu.edu.eg/fulltext/bks/B11-09381.pdf
905 _a48
942 _2ddc
_cBK
_e21
_n0
999 _c69229
_d69229